Quiz dla GeoMexa! (lvl medium) - Statystyki

Ogólne statystyki
  • Ten quiz został rozwiązany 209 razy
  • Średni wynik to 5 z 11
Statystyki odpowiedzi
Zagadnienie Odpowiedź % Poprawnych
Które miasto NIE LEŻY w Europie Wientian
100%
Ile jest państw w europie (obecnie) 49
86%
Polacy okupywali moskwę przez 2 lata
57%
W którym roku był rozpad ZSRR? 1991
43%
Czy krym należał do Rzeczpospolitej Obojga Narodów? Nie
43%
Ile km2 miała Polska w szczytowym momencie? ok.990 tyś
43%
W którym rozbiorze Austria nie brała udziału? w II
43%
Na ile państw rozpadła się Jugosławia? 7
29%
Czy polska miała kiedyś kolonie? Miała ale tylko przez chwilę
29%
Na ile państw rozpadło się ZSRR? na 15
29%
Ile państw ma w fladze kolor biały i czerwony (lub na odwrót)? 10
14%
Nie znaleziono quizów pasujących do podanych kryteriów
Rozkład punktacji
Procent ludzi z każdym wynikiem
Percentyl według liczby udzielonych odpowiedzi
Twoja historia wyników
Nie rozwiązałeś tego quizu